| 000 | 01070nam a2200349 b 4500 | ||
|---|---|---|---|
| 001 | 0000612 | ||
| 003 | DO-SdBPM | ||
| 005 | 20250526121226.0 | ||
| 007 | 0000612 | ||
| 008 | 0506172006 ag a spa | ||
| 017 |
_a _b |
||
| 020 | _a9871155255 | ||
| 020 | _a9789871155255 | ||
| 035 | _a | ||
| 040 |
_aDO-SdBPM _bspa _cBPMSU _e |
||
| 082 | 4 |
_a394.25 _bR763m 2006 _222 |
|
| 100 | 1 |
_aRomero, Coco _d1955- |
|
| 245 | 1 | 3 |
_aLa Murga porteña _bhistoria de un viaje colectivo / _cCoco Romero ; ilustración Martín Di Natali _h |
| 260 |
_aBuenos Aires, Argentina : _bEditorial Atuel, _c2006. |
||
| 300 |
_a287 p. ; _c23 cm |
||
| 490 | 0 | _aLa Andariega | |
| 500 | _aIncluye datos biográficos del autor en la solapa de la cubierta | ||
| 504 | _aBibliografía p: 243-255 | ||
| 590 | _aInventariado, 2025/VM | ||
| 650 | 4 |
_aCarnaval _xHistoria |
|
| 650 | 4 | _aVida social y costumbres | |
| 650 | 4 | _aMurgas (grupo musical) | |
| 700 | 1 | 2 |
_aDi Natali, Martín _eil. |
| 830 | 0 | _aLa Andariega | |
| 910 | _aVMateo V, Control de calidad. BPMSU | ||
| 942 |
_2ddc _cBK |
||
| 999 |
_c11187 _d11187 |
||